[Event "Let's Play Chess!"]
[Site "http://www.queenalice.com/game.php?id=473619"]
[Date "2008.10.6"]
[Round "-"]
[White "Reddaz"]
[Black "turmbauer"]
[Result "1-0"]
[WhiteElo "1892"]
[BlackElo "1463"]

1. e4 c6 2. d4 d5 3. e5 Bf5 4. Nf3 e6 5. Be2 h6 6. O-O Nd7 7. Nbd2 Ne7 8. Nh4
Bh7 9. c4 Nf5 10. Nhf3 c5 11. Nb3 cxd4 12. cxd5 exd5 13. Nbxd4 Nxd4 14. Qxd4 Be4
15. Nd2 Bc5 16. Qc3 1-0

[Event "Let's Play Chess!"]
[Site "http://www.queenalice.com/game.php?id=473620"]
[Date "2008.10.6"]
[Round "-"]
[White "turmbauer"]
[Black "mp3"]
[Result "0-1"]
[WhiteElo "1534"]
[BlackElo "1607"]

1. e4 c5 2. Nf3 d6 3. c3 Nf6 4. Be2 e5 5. O-O Nxe4 6. Qa4+ Nd7 7. Qxe4 Nf6 8.
Qc2 Be7 9. d4 O-O 10. dxe5 Bg4 11. exf6 Bxf6 12. Bf4 b6 13. Nbd2 Re8 14. Rfe1
Qd7 15. a4 Bf5 0-1

[Event "Let's Play Chess!"]
[Site "http://www.queenalice.com/game.php?id=473621"]
[Date "2008.10.6"]
[Round "-"]
[White "mp3"]
[Black "turmbauer"]
[Result "1-0"]
[WhiteElo "1620"]
[BlackElo "1493"]

1. e4 c6 2. Nf3 d5 3. exd5 cxd5 4. Bb5+ Bd7 5. Nc3 Bxb5 6. Nxb5 Nc6 7. d3 e6 8.
Bf4 Qa5+ 9. Nc3 d4 10. Bd2 dxc3 11. Bxc3 Qc7 12. O-O Nf6 13. b3 Bd6 14. Bxf6
gxf6 15. c4 Rg8 16. a4 1-0

[Event "Let's Play Chess!"]
[Site "http://www.queenalice.com/game.php?id=473633"]
[Date "2008.10.6"]
[Round "-"]
[White "turmbauer"]
[Black "Viper3910"]
[Result "0-1"]
[WhiteElo "1775"]
[BlackElo "1862"]

1. e4 e5 2. Nf3 Nc6 3. Bb5 Nf6 4. O-O Nxe4 5. Re1 Nd6 6. Nxe5 Nxe5 7. Rxe5+ Be7
8. Bd3 O-O 9. Nc3 Bf6 10. Re1 Bxc3 11. dxc3 b5 12. Bf4 Ne8 13. Qh5 Nf6 14. Qxb5
c6 15. Qe5 Bb7 16. Bg5 d6 17. Qe7 Qxe7 18. Rxe7 Rab8 19. Bxf6 gxf6 20. Rae1 c5
21. R1e3 Bd5 22. c4 Be6 23. b3 Rbe8 24. Rxa7 Bg4 0-1

[Event "Let's Play Chess!"]
[Site "http://www.queenalice.com/game.php?id=473634"]
[Date "2008.10.6"]
[Round "-"]
[White "Viper3910"]
[Black "turmbauer"]
[Result "1-0"]
[WhiteElo "1875"]
[BlackElo "1697"]

1. e4 c6 2. c4 d5 3. exd5 cxd5 4. c5 e5 5. d4 exd4 6. Qxd4 Nc6 7. Bb5 Nf6 8.
Bxc6+ bxc6 9. Nf3 Ba6 10. Nc3 Qa5 11. b4 Qc7 12. a4 O-O-O 13. b5 cxb5 14. axb5
Bxc5 15. Qa4 Rhe8+ 16. Ne2 Bb7 17. Be3 d4 18. Nfxd4 Bxg2 19. Rg1 Bxd4 20. Nxd4
Qc3+ 21. Ke2 Rxd4 22. Qa6+ 1-0

[Event "Let's Play Chess!"]
[Site "http://www.queenalice.com/game.php?id=473648"]
[Date "2008.10.7"]
[Round "-"]
[White "Dupion"]
[Black "turmbauer"]
[Result "1-0"]
[WhiteElo "1482"]
[BlackElo "1339"]

1. d4 c6 2. Nf3 d5 3. c3 Nf6 4. Bg5 Bg4 5. Nbd2 Bxf3 6. Bxf6 Bxe2 7. Bxe7 Bxe7
8. Bxe2 O-O 9. O-O Nd7 10. f4 f5 11. Rf3 Nf6 12. Rh3 Ne4 13. Nf3 1-0

[Event "Let's Play Chess!"]
[Site "http://www.queenalice.com/game.php?id=473649"]
[Date "2008.10.7"]
[Round "-"]
[White "turmbauer"]
[Black "Dupion"]
[Result "0-1"]
[WhiteElo "1463"]
[BlackElo "1100"]

1. e4 c5 2. Nf3 e6 3. c3 Nc6 4. d4 cxd4 5. cxd4 d5 6. exd5 Qxd5 7. Nc3 Bb4 8.
Bd3 Nxd4 9. Nxd4 Qxg2 10. Qf3 Bxc3+ 11. bxc3 Qxf3 12. Nxf3 Nf6 13. Ba3 Bd7 0-1

[Event "Let's Play Chess!"]
[Site "http://www.queenalice.com/game.php?id=473677"]
[Date "2008.10.7"]
[Round "-"]
[White "turmbauer"]
[Black "DrIgO"]
[Result "1-0"]
[WhiteElo "1775"]
[BlackElo "1338"]

1. e4 d5 2. exd5 Qxd5 3. Nc3 Qe6+ 4. Be2 Qg6 5. Nf3 Qxg2 6. Rg1 Qh3 7. d4 Bg4 8.
Rg3 Qh5 9. h3 Bxh3 10. Ne5 Qh4 11. Bg5 Qxg3 12. fxg3 f6 13. Nd5 Na6 14. Bxa6
O-O-O 15. Nf7 Rxd5 16. Bc4 Rxg5 17. Qf3 b6 18. Nxg5 fxg5 19. Ba6+ Kd7 20. Qd5+
Ke8 21. Bb5+ Bd7 22. Bxd7+ Kd8 23. Be6+ Ke8 24. Qd7# 1-0

[Event "AUTO-OPEN-1292"]
[Site "http://www.queenalice.com/game.php?id=473738"]
[Date "2008.10.7"]
[Round "1"]
[White "Eunice_123"]
[Black "turmbauer"]
[Result "1-0"]
[WhiteElo "1712"]
[BlackElo "1323"]

1. e4 c6 2. d4 d5 3. e5 Bf5 4. Bd3 Bxd3 5. Qxd3 e6 6. Nf3 Qa5+ 7. Bd2 Qa6 8. O-O
Qxd3 9. cxd3 c5 10. Nc3 cxd4 11. Nxd4 a6 12. Rac1 1-0

[Event "AUTO-OPEN-1292"]
[Site "http://www.queenalice.com/game.php?id=473739"]
[Date "2008.10.7"]
[Round "1"]
[White "turmbauer"]
[Black "Eunice_123"]
[Result "0-1"]
[WhiteElo "1322"]
[BlackElo "1712"]

1. e4 c5 2. Nf3 e6 3. c3 Nc6 4. d4 cxd4 5. cxd4 d5 6. exd5 exd5 7. Bb5 Qa5+ 8.
Nc3 Bb4 9. Bxc6+ bxc6 10. Qe2+ Ne7 11. Bd2 O-O 12. O-O Ba6 0-1

[Event "AUTO-OPEN-1292"]
[Site "http://www.queenalice.com/game.php?id=473760"]
[Date "2008.10.7"]
[Round "1"]
[White "jbliborio"]
[Black "turmbauer"]
[Result "1-0"]
[WhiteElo "1208"]
[BlackElo "1306"]

1. e4 c6 2. d4 d5 3. Nc3 dxe4 4. Nxe4 Bf5 5. Bd3 Bxe4 6. Bxe4 Nf6 7. Bd3 Qxd4 8.
c3 Qe5+ 9. Be2 e6 10. Nf3 Qd6 11. g3 Qxd1+ 12. Kxd1 Bc5 13. Bf4 1-0

[Event "AUTO-OPEN-1292"]
[Site "http://www.queenalice.com/game.php?id=473772"]
[Date "2008.10.7"]
[Round "1"]
[White "krazyking"]
[Black "turmbauer"]
[Result "1-0"]
[WhiteElo "1814"]
[BlackElo "1339"]

1. e4 c6 2. Bc4 d5 3. exd5 cxd5 4. Bb5+ Bd7 5. Bxd7+ Qxd7 6. d4 Nf6 7. Nf3 e6 8.
a3 Bd6 9. Nc3 O-O 10. h3 Nc6 11. O-O h6 12. Re1 a6 13. b4 Rac8 14. Na4 Qc7 15.
Be3 Ne4 16. Qd3 Ne7 17. Rab1 Qxc2 18. Qxc2 Rxc2 19. Nc5 Nc3 20. Ra1 b6 21. Nd3
Nf5 22. Bd2 Nxd4 23. Nxd4 Rxd2 24. Re3 Rc8 25. Nxe6 fxe6 26. Rxe6 Rxd3 27. Rxd6
Rb8 28. Re1 Ne4 29. Rd7 Nf6 30. Rd6 1-0

[Event "AUTO-OPEN-1292"]
[Site "http://www.queenalice.com/game.php?id=473773"]
[Date "2008.10.7"]
[Round "1"]
[White "turmbauer"]
[Black "krazyking"]
[Result "0-1"]
[WhiteElo "1339"]
[BlackElo "1816"]

1. e4 b6 2. d4 Bb7 3. Nd2 d6 4. Bb5+ c6 5. Ba4 b5 6. Bb3 e6 7. Ngf3 h6 8. O-O
Nf6 9. Re1 d5 10. e5 Nfd7 11. Nf1 Bb4 12. c3 Ba5 13. Ng3 c5 14. Be3 Bb6 15. Nd2
Nc6 16. Qg4 g5 17. dxc5 Bxc5 18. Bxc5 Qc7 19. Bd6 Qc8 20. Bc2 Nb6 21. Nh5 Nc4
22. Nxc4 dxc4 23. Nf6+ Kd8 24. Qh5 Nxe5 25. Rxe5 Qc6 26. Be4 Qxd6 27. Rd1 Bd5
28. Rexd5 Qxd5 29. Nxd5 exd5 30. Rxd5+ Ke7 0-1

[Event "Let's Play Chess!"]
[Site "http://www.queenalice.com/game.php?id=474621"]
[Date "2008.10.8"]
[Round "-"]
[White "turmbauer"]
[Black "basti822"]
[Result "1-0"]
[WhiteElo "1500"]
[BlackElo "1649"]

1. e4 g6 2. d4 c5 3. c3 Bg7 4. Nf3 d6 5. h3 Nc6 6. Bb5 a6 7. Ba4 b5 8. Bc2 cxd4
9. cxd4 Bb7 10. O-O Nb4 11. Bb3 Bxe4 12. Bxf7+ Kxf7 13. Ng5+ Ke8 14. Nxe4 Rc8
15. d5 Nc2 16. Nbc3 Nxa1 17. Bd2 b4 18. Qa4+ Qd7 19. Qxd7+ Kxd7 20. Na4 Rb8 21.
Rxa1 b3 22. axb3 Rxb3 23. Nac5+ Ke8 24. Nxb3 Bxb2 25. Rxa6 Nf6 26. Ra8+ 1-0

[Event "AUTO-INT-1071"]
[Site "http://www.queenalice.com/game.php?id=477897"]
[Date "2008.10.16"]
[Round "1"]
[White "turmbauer"]
[Black "Claudio_C_A"]
[Result "0-1"]
[WhiteElo "1280"]
[BlackElo "1413"]

1. e4 e5 2. Nf3 f6 3. Nxe5 fxe5 4. Qh5+ Ke7 5. Qxe5+ Kf7 6. Bc4+ d5 7. Bxd5+
Qxd5 8. Qxd5+ Be6 9. Qxb7 Bd6 10. Qxa8 Nf6 11. Nc3 Bc5 12. O-O Bd7 13. d4 Bxd4
14. Be3 Bc6 15. Qxb8 Rxb8 16. Bxd4 Rxb2 17. Nd5 Rb8 0-1

[Event "AUTO-INT-1071"]
[Site "http://www.queenalice.com/game.php?id=477898"]
[Date "2008.10.16"]
[Round "1"]
[White "Claudio_C_A"]
[Black "turmbauer"]
[Result "1-0"]
[WhiteElo "1649"]
[BlackElo "1282"]

1. e3 e5 2. e4 Nf6 3. f3 Nxe4 4. fxe4 Qh4+ 5. Ke2 Qxe4+ 6. Kf2 Bc5+ 7. d4 Bxd4+
8. Qxd4 Qxd4+ 9. Ke1 Nc6 10. c3 Qe4+ 11. Ne2 d5 12. Nd2 Qg6 13. Ng3 O-O 14. Be2
Bg4 15. Bf1 Rad8 16. h3 1-0